000 01289nac a22003131i 4500
003 EG-ScBUE
005 20250715101728.0
008 250715t2004 njua f b 001 0 eng d
020 _a0471474592
020 _a9780471474593
040 _aEG-ScBUE
_beng
_erda
_cEG-ScBUE
_dEG-ScBUE
082 0 4 _a541.369
_bLIN
_222
100 1 _aLinder, Bruno,
_eauthor.
245 1 0 _aThermodynamics and introductory statistical mechanics /
_cBruno Linder, Department of Chemistry and Biochemistry, The Florida State University.
264 1 _aHoboken, N.J. :
_bWiley-Interscience,
_c[2004]
264 4 _cc2004
300 _axvi, 209 pages :
_billustrations ;
_c25 cm
336 _2rdacontent
_atext
_btxt
337 _aunmediated
_2rdamedia
_bn
338 _avolume
_bnc
_2rdacarrier
504 _aIncludes bibliographical references and index.
650 7 _aThermodynamics.
_2BUEsh
650 7 _aStatistical mechanics.
_2BUEsh
655 _vReading book
856 4 2 _3Publisher description
_uhttp://www.loc.gov/catdir/description/wiley042/2004003022.html
856 4 2 _3Table of contents only
_uhttp://www.loc.gov/catdir/toc/ecip0415/2004003022.html
856 4 2 _3Contributor biographical information
_uhttp://www.loc.gov/catdir/enhancements/fy0616/2004003022-b.html
942 _cBB
_2ddc
999 _c2226
_d2226